Szczegóły MARC21

Słownik terminologii prawniczej i ekonomicznej angielsko-polski /

003 -Nazwa inst., której nr kontr. jest w polu 001 [,]
    • @
    • Nazwa instytucji, której n kontrolny jest w polu 001
    • NUKAT
005 -DATA I CZAS OSTATNIEJ MODYFIKACJI [,]
    • @
    • pole kontrolne
    • 20241231103229.0
020 -Międzynarod. znormalizowany nr książki - ISBN [ , ]
    • a
    • Numer ISBN
    • 8321405339 Find
040 -Instytucja sporządzająca opis [ , ]
    • a
    • Instytucja, która sporządziła opis (NP)
    • GD U/AJ
    • c
    • Instytucja, która sporządziła rekord (NP)
    • GD U/AJ
    • d
    • Instytucja, która zmodyfikowała rekord (P)
    • GD U/TZ
    • d
    • Instytucja, która zmodyfikowała rekord (P)
    • GD U/ENs
    • d
    • Instytucja, która zmodyfikowała rekord (P)
    • WR U/DZs
    • d
    • Instytucja, która zmodyfikowała rekord (P)
    • KR U/42JCs
041 -Język dokumentu [0, ]
    • a
    • Język tekstu (P)
    • angielski
    • a
    • Język tekstu (P)
    • polski
942 -Rodzaj dokumentu [ , ]
    • c
    • Rodzaj dokumentu
    • Książka
100 -Hasło główne - nazwa osobowa [1, ]
    • a
    • Nazwa osobowa (NP)
    • Jaślan, Janina.
    • 9
    • KHW
    • 52007
245 -Strefa tytułu i oznaczenia odpowiedzialności [1,0]
    • a
    • Tytuł
    • Słownik terminologii prawniczej i ekonomicznej angielsko-polski / Find
    • c
    • Pozostałe elementy strefy tytułu i oznaczenia odpowiedzialności (NP)
    • Janina Jaślan, Henryk Jaślan.
246 -Wariant tytułu [1,5]
    • a
    • Tytuł (NP)
    • English-Polish dictionary of legal and economic terms
260 -Strefa adresu wydawniczego [ , ]
    • a
    • Miejsce wydania (P)
    • Warszawa :
    • b
    • Nazwa wydawcy (P)
    • Wiedza Powszechna,
    • c
    • Data wydania (P)
    • 1991.
300 -Strefa opisu fizycznego [ , ]
    • a
    • Określenie formy książki i/lub objętość (NP)
    • 724 s. ;
    • c
    • Format (NP)
    • 24 cm.
336 -Typ zawartości [ , ]
    • a
    • Termin opisujący typ zawartości
    • Tekst
    • b
    • Kod określający zawartość
    • txt
    • 2
    • Źródło (terminu i kodu)
    • rdacontent
337 -Typ mediów [ , ]
    • a
    • Tryb odtwarzania
    • Bez urządzenia pośredniczącego
    • b
    • Kod typu mediów
    • n
    • 2
    • Źródło (terminu i kodu)
    • rdamedia
338 -Typ/rodzaj nośnika [ , ]
    • a
    • Hasło opisujące typ nośnika
    • Wolumin
    • b
    • Kod typu nośnika
    • nc
    • 2
    • Źródło (terminu i kodu)
    • rdacarrier
650 -Hasło przedmiotowe [ ,7]
    • a
    • Hasło przedmiotowe
    • Ekonomia
    • v
    • Określnik formalny
    • słowniki angielskie.
    • 2
    • Źródło terminu
    • kaba
    • 9
    • KHW
    • 354557
650 -Hasło przedmiotowe [ ,7]
    • a
    • Hasło przedmiotowe
    • Ekonomia
    • v
    • Określnik formalny
    • słowniki polskie.
    • 2
    • Źródło terminu
    • kaba
    • 9
    • KHW
    • 354558
650 -Hasło przedmiotowe [ ,7]
    • a
    • Hasło przedmiotowe
    • Prawo
    • v
    • Określnik formalny
    • słowniki angielskie.
    • 2
    • Źródło terminu
    • kaba
    • 9
    • KHW
    • 350169
650 -Hasło przedmiotowe [ ,7]
    • a
    • Hasło przedmiotowe
    • Prawo
    • v
    • Określnik formalny
    • słowniki polskie.
    • 2
    • Źródło terminu
    • kaba
    • 9
    • KHW
    • 363011
650 -Hasło przedmiotowe [ ,7]
    • a
    • Hasło przedmiotowe
    • Język angielski
    • x
    • Określnik rzeczowy
    • język prawniczy
    • v
    • Określnik formalny
    • glosaria polskie.
    • 2
    • Źródło terminu
    • kaba
    • 9
    • KHW
    • 382765
650 -Hasło przedmiotowe [ ,7]
    • a
    • Hasło przedmiotowe
    • Język angielski
    • x
    • Określnik rzeczowy
    • język handlowy
    • v
    • Określnik formalny
    • glosaria polskie.
    • 2
    • Źródło terminu
    • kaba
    • 9
    • KHW
    • 386873
650 -Hasło przedmiotowe [ ,7]
    • a
    • Hasło przedmiotowe
    • Język polski
    • x
    • Określnik rzeczowy
    • język handlowy
    • v
    • Określnik formalny
    • glosaria angielskie.
    • 2
    • Źródło terminu
    • kaba
    • 9
    • KHW
    • 354559
650 -Hasło przedmiotowe [ ,7]
    • a
    • Hasło przedmiotowe
    • Język polski
    • x
    • Określnik rzeczowy
    • język prawniczy
    • v
    • Określnik formalny
    • glosaria angielskie.
    • 2
    • Źródło terminu
    • kaba
    • 9
    • KHW
    • 382764
700 -Hasło dodatkowe - nazwa osobowa [1, ]
    • a
    • Nazwa osobowa (NP)
    • Jaślan, Henryk. Find
    • 9
    • KHW
    • 76225
710 -Hasło dodatkowe - nazwa ciała zbiorowego [2, ]
    • a
    • Nazwa ciała zbiorowego lub nazwa geograficzna jako pierwszy element (NP)
    • Państwowe Wydawnictwo Wiedza Powszechna.
    • 4
    • Kod relacji
    • pbl
    • 9
    • KHW
    • 52062
920 -ISBN [ , ]
    • a
    • ISBN
    • 83-214-0533-9 Find
Data inwentaryzacji Lokalizacja Uwagi nie widoczne w OPAC Status udost. Numer inwentarzowy Sygnatura
BEretrokonwersja2E.60270 
BEretrokonwersja1E.60271 
2014-11-20BEretrokonwersja-3S.73387 
BGretrokonwersja1Z.80796Z.80796
BGretrokonwersja-3W.174324 
BGretrokonwersja2W.174325W.174203
BGretrokonwersja2W.174326W.174203
BGretrokonwersja-3W.174203W.174203
BGretrokonwersja-3W.174204 
2014-11-20BMretrokonwersja1JO.1289ANG. Słowniki prawnicze 02
2014-11-20BMretrokonwersja-3A.1168Ang. Słowniki specjalistyczne 12
2014-11-20BSAretrokonwersja1SA.4634SA.4634
 BSAretrokonwersja1SA.4635SA.4635